| 000 | 00587nam a22001457a 4500 | ||
|---|---|---|---|
| 999 |
_c38518 _d38518 |
||
| 082 | _aRK.0347 | ||
| 100 |
_aKumar, Navin _uDepartment of Psychology, Bhim Rao Ambedkar College(University of Delhi) _vDelhi |
||
| 245 |
_aPersonality Trait Structure and Taxonomy of Hindi Speaking Indians: _bA Psycholexial Approach/ _cNavin Kumar |
||
| 260 |
_aDelhi: _bIndian Council of Social Science Research, _c2015 |
||
| 300 | _a89p. | ||
| 500 | _aIncluded References and Appendices | ||
| 536 | _aIndian Council of Social Science Research | ||
| 650 |
_aTaxonomy _aHindi Speaking _zIndia |
||
| 942 |
_2ddc _cRP |
||